Normal view
MARC view
- Ahmed, Aziz-ul-Din
Entry Personal Name
001 - CONTROL NUMBER
- control field: 16003
003 - CONTROL NUMBER IDENTIFIER
- control field: NUST
005 - DATE AND TIME OF LATEST TRANSACTION
- control field: 20190629060748.0
008 - FIXED-LENGTH DATA ELEMENTS
- fixed length control field: 190629|| aca||aabn | a|a d
040 ## - CATALOGING SOURCE
- Original cataloging agency: NUST
- Transcribing agency: NUST
100 ## - HEADING--PERSONAL NAME
- Personal name: Ahmed, Aziz-ul-Din
670 ## - SOURCE DATA FOUND
- Source citation: Work cat.: (NUST): Ahmed, Aziz-ul-Din, Punjab Aur Bironi Amla Awar /, 2007.
